000 00274nam a22001217a 4500
008 180419b xxu||||| |||| 00| 0 eng d
041 _aeng
080 _a043.3
100 _a0
101 _aARK-BA
245 _aNdertese Shoqerore-Hotel Urban
_cRashiti, G
942 _2udc
_cBK
999 _c45306
_d45306